Biblioteca

Should christians take marxism seriously anymore? (Registro nro. 57280)

Detalles MARC
000 -LÍDER
Campo fijo de descripción fija 01184aab a2200241 i 4500
001 - NÚMERO DE CONTROL
Campo de control 768714001
003 - IDENTIFICADOR DEL NÚMERO DE CONTROL
Campo de control CO-MdFUSB
005 - FECHA Y HORA DE LA ULTIMA TRANSACCIÓN
control field 20240808124153.0
008 - ELEMENTOS DE LONGITUD FIJA -- INFORMACIÓN GENERAL
Campo fijo de descripción fija -- Información general 240808t2000 -us||||| |||| 00| 0 eng d
040 ## - FUENTE DE CATALOGACIÓN
Idioma de catalogación spa
Agencia que realiza la transcripción CO-MdFUSB
041 ## - CÓDIGO DE IDIOMA
Código de idioma para texto/pista de sonido o título separado eng
100 1# - ASIENTO PRINCIPAL--NOMBRE PERSONAL
Nombre personal West, Charles C.
Término relacionador autor
245 00 - TÍTULO
Título Should christians take marxism seriously anymore?
Mención de responsabilidad / Charles C. West
520 ## - NOTA DE RESUMEN, ETC.
Nota de sumario, etc. En el artículo principal de este número, Charles C. West, profesor emérito del Seminario Teológico de Princeton, llama nuestra atención con una pregunta inesperada: "¿Deben los cristianos seguir tomando en serio el marxismo?" Las palabras de Jesús acerca de los demonios exorcizados que regresan a una casa vacía adquieren un nuevo significado con la respuesta de West a esta pregunta.
546 ## - NOTA DE IDIOMA
Nota de idioma Texto en inglés.
650 #0 - ASIENTO SECUNDARIO DE MATERIA - TERMINO TEMÁTICO
Término temático o nombre geográfico como elemento de entrada Cristianismo y política
9 (RLIN) 1250
650 #7 - ASIENTO SECUNDARIO DE MATERIA - TERMINO TEMÁTICO
Término temático o nombre geográfico como elemento de entrada Teología de la liberación
9 (RLIN) 449
650 #7 - ASIENTO SECUNDARIO DE MATERIA - TERMINO TEMÁTICO
Término temático o nombre geográfico como elemento de entrada Antropología cultural y social
9 (RLIN) 6714
650 #7 - ASIENTO SECUNDARIO DE MATERIA - TERMINO TEMÁTICO
Término temático o nombre geográfico como elemento de entrada Ética comunista
9 (RLIN) 7279
773 0# - ASIENTO DE ITEM FUENTE
Título International Bulletin
Biblionumber 49483
Itemnumber 61001
Parte(s) relacionada(s) / Volumen., número. (mes año), páginas Volumen 24, (número 1, 2000), páginas: 2 - 7
Enumeración y primera página página: 2
942 ## - TIPO DE MATERIAL (KOHA)
Tipo de Item KOHA Artículos de Revista
945 ## - INFORMACIÓN LOCAL DEL REGISTRO
Catalogador Catherine Arias Álvarez - Practicante SENA

No hay ítems disponibles.

Biblioteca FUSBC | Teléfono: (57+4) 349 88 10 Ext. 141| WhatsApp (+57) 3005338115 
E-mail: biblioteca@unisbc.edu.co | Calle 76 87-14 Robledo Palenque, Medellín, Colombia

Con tecnología Koha